| 000 | 00820nam a22002417a 4500 | ||
|---|---|---|---|
| 008 | 250903b ||||| |||| 00| 0 spa d | ||
| 040 |
_aAR-FvUNAJ _dAR-FvUNAJ _eaacr2 |
||
| 082 | 1 | 4 |
_214 _a982 |
| 100 | 1 |
_921886 _aPopescu, Oreste |
|
| 245 | 1 | 3 |
_aEl pensamiento social y económico de Esteban Echeverría. / _cOreste Popescu. |
| 260 |
_aBuenos Aires : _bEditorial Americana, _c1954. |
||
| 300 | _a259 p. | ||
| 440 |
_921887 _aColección Historia y tradición argentinas |
||
| 600 | 1 | 0 |
_93367 _aEcheverría, Esteban, _d1805-1851 |
| 650 | 0 |
_9933 _aHISTORIA DE LAS IDEAS |
|
| 650 | 0 |
_91234 _aFILOSOFIA POLITICA |
|
| 650 | 0 |
_91002 _aPOLITICA SOCIAL |
|
| 650 | 0 |
_91380 _aSOCIALISMO |
|
| 650 | 0 |
_9812 _aLIBERALISMO |
|
| 650 | 0 |
_9524 _aECONOMIA |
|
| 942 |
_2ddc _cLIBRO |
||
| 980 |
_62 _aVirginia Figueroa _82 _gVirginia Figueroa |
||
| 999 |
_c11078 _d11078 |
||